Normal view
MARC view
- ALAN JOSEPH
Entry Personal Name
001 - CONTROL NUMBER
- control field: 5348
003 - CONTROL NUMBER IDENTIFIER
- control field: OSt
005 - DATE AND TIME OF LATEST TRANSACTION
- control field: 20221202114453.0
008 - FIXED-LENGTH DATA ELEMENTS
- fixed length control field: 221202|| aca||aabn | a|a d
040 ## - CATALOGING SOURCE
- Original cataloging agency: OSt
- Transcribing agency: OSt
100 ## - HEADING--PERSONAL NAME
- Personal name: ALAN JOSEPH
- Personal name: ANJALY BALAKRISHNAN
- Personal name: DEVIKA K K
- Personal name: MAYA S KUMAR
- Personal name: STELLA JOHNSON
670 ## - SOURCE DATA FOUND
- Source citation: Work cat.: (OSt)17604: ALAN JOSEPH ANJALY BALAKRISHNAN DEVIKA K K MAYA S KUMAR STELLA JOHNSON, DEVELOPMENT AND QUALITY EVALUATION OF NUTRIENT RICH PASTA FROM COMPOSITE FLOUR, 2022
